1725 1554 1897 1795 1102 1820 1888 1453 1894 1234 1870 1601 1387 1104 1258 1772 1857 1378 1052 1225 1431 1464 1072 1715 1787 1628 1468 1788 1411 1168 1782 1652 1266 1390 1204 1473 1660 1954 1854 1699 1618 1296 1555 1942 1976 1637 1049 1395 1319 1634 1401 1158 1043 1794 1782 1538 1819 1485 1919 1341 1537 1652 1266 1903 1833 1108 1643 1295 1380 1585 1581 1561 1958 1774 1473 1770 1091 1597 1468 1943 1035 1534 1319 1365 1918 1861 1073 1898 1467 1908 1786 1951 1098 1234 1046 1868 1228 1760 1229 BCNSPRNW ULIB Ver.6.0+V

เปลี่ยนเป็นภาษาไทย

Change to English
 แสดงรายละเอียดบรรณานุกรม
  กลับหน้าหลัก

Brief Record : Get Marc (ISO 2709) : E-mail record : QR code < ปิดหน้าต่าง
LEADER : 00000nam 2200000uu 4500
001    13399113424
003     ULIB
008    110627s2550||||th 000 0 tha d
020    9789749753323
090    นว.^bณ369ป 2550
100 0  ณัฐสิรี
245 00 ปาฏิหาริย์พรหมลิขิตรัก/^cณัฐสิรี
250    พิมพ์ครั้งที่ 1
260    กรุงเทพฯ :^bSugar rian,^c2550
300    237 หน้า
710 1  Sugar rian
945    ^p159^l0^i021021
995    ทศพร
999 ^a ใช้งานได้ทุกระบบ
รายการนี้ยังไม่มีแท็ก
คุณยังไม่ได้ล็อกอิน คุณสามารถมีกิจกรรมร่วมกับเว็บไซต์ได้ แต่ต้องล็อกอินก่อน ::
  ล็อกอิน

รายการสื่อสารสนเทศ

ลำดับที่ ประเภท เลขเรียก/บาร์โค้ด สถานที่ สถานะ
1. นวนิยาย
นวนิยาย
นว. ณ369ป 2550 ฉ.1 
  Barcode: 021021
ห้องสมุดวิทยาเขตสวรรค์ประชารักษ์
►นวนิยาย
บนชั้น
  ขอยืม

BibComment


ยังไม่เคยถูกคอมเมนท์

คอมเมนท์ทรัพยากรรายการนี้
  คอมเมนท์: ปาฏิหาริย์พรหมลิข..


 Copyright 2026. Bcnsprnw @Library